|
|
|
|
| LEADER |
00861pam a22002418a 4500 |
| 001 |
00038100 |
| 005 |
20171026081025.0 |
| 008 |
170515s2008 ||||||Viesd |
| 041 |
0 |
# |
|a Vie
|
| 082 |
1 |
4 |
|a 372.21
|b GI108TR
|
| 100 |
1 |
# |
|a Tạ, Thúy Lan
|
| 245 |
1 |
0 |
|a Giáo trình sự phát triển thể chất trẻ em lứa tuổi mầm non
|b (Dành cho hệ cao đẳng sư phạm mầm non)
|c Tạ Thúy Lan, Trần Thị Loan
|
| 260 |
# |
# |
|a Hà Nội
|b Giáo dục
|c 2008
|
| 300 |
# |
# |
|a 311tr.
|
| 653 |
# |
# |
|a Mầm non
|
| 653 |
# |
# |
|a Trẻ em
|
| 653 |
# |
# |
|a Phát triển
|
| 852 |
# |
# |
|b Kho mượn
|j KGT.0052651
|
| 852 |
# |
# |
|b Kho đọc
|j KD.0020806
|
| 852 |
# |
# |
|j KGT.0052651
|j KD.0020806
|j KGT.0055148
|
| 910 |
|
|
|d 15/05/2017
|
| 980 |
# |
# |
|a Trung tâm Học liệu Lê Vũ Hùng, Trường Đại học Đồng Tháp
|